[Event "45th FIDE Chess Olympiad Open"]
[Site "Budapest, Hungary"]
[Date "2024.09.12"]
[Round "2"]
[White "Mohamed Ali Dima"]
[Black "Ormsby, Alan"]
[Result "1-0"]
[WhiteElo "1761"]
[BlackElo "1914"]
[PlyCount "83"]
[EventDate "2024.??.??"]
[WhiteTeam "Djibouti"]
[BlackTeam "Isle of Man"]
[WhiteTeamCountry "DJI"]
[BlackTeamCountry "IOM"]
[WhiteClock "0:46:20"]
[BlackClock "0:29:48"]

1. e4 c5 2. Nf3 d6 3. d4 cxd4 4. Nxd4 Nf6 5. Nc3 a6 6. h3 e6 7. Bg5 ({RR} 7. g3 b5 8. a3 Bb7 9. Bg2 Be7 10. O-O Qc7 11. g4 O-O 12. g5 Nfd7 13. f4 {½-½ Morovic Fernandez,I (2565)-Dominguez Perez,L (2585) American Continental 01st 2001 (10)}) 7... Be7 8. Be2 ({RR} 8. Qd2 O-O 9. O-O-O Nbd7 10. f4 b5 11. a3 Bb7 12. Bd3 Qc7 13. Rhe1 h6 14. Bh4 Rfe8 15. g4 Nc5 16. e5 dxe5 17. fxe5 Nd5 18. Nxd5 Bxd5 19. Bxe7 Rxe7 20. Kb1 Rd8 21. c3 Nb3 22. Nxb3 Bxb3 {½-½ Fernandez Climent,A (1602)-Oubina Pazos,R (1437) ESP-ch U14 Rapid 2022 (9)}) 8... Nc6 $146 ({RR} 8... b5 9. a3 Bb7 10. Bf3 Qc7 11. Qd2 Nbd7 12. O-O-O Ne5 13. h4 Rc8 14. h5 Nc4 15. Qd3 Nxa3 16. bxa3 Qxc3 17. Rhe1 Qxd3 18. Rxd3 Nd7 19. Bxe7 Kxe7 20. Rb3 Ne5 21. a4 Rc4 22. Ne2 b4 23. Kb1 {0-1 Hutchison,J (1368)-Boik,A (1980) CAN-ch U20 Calgary 2004 (3)}) ({RR} 8... O-O 9. O-O b5 10. a3 Bb7 11. Bd3 Nc6 12. Nde2 Rc8 13. Kh1 h6 14. Be3 d5 15. exd5 Nxd5 16. Nf4 Nxc3 17. bxc3 Bf6 18. Qd2 Kh8 19. Nh5 Bg5 20. f4 Be7 21. Qe2 g6 22. Qg4 Rg8 23. Ng3 {1-0 Helm,I (1433)-Schiller,H (1674) Hessen-ch Seniors op 04th 2008 (2)}) ({RR} 8... O-O 9. O-O h6 10. Bh4 Qc7 11. Bg3 Rd8 12. Kh1 b5 {½-½ Alruwayeh,T (1451)-Alsharhan,M (1689) Gulf-ch Amateur 2019 (4)}) 9. Nf3 O-O 10. Qd2 Qc7 11. a3 b5 12. Rd1 Rd8 13. O-O Bb7 14. Be3 Rac8 15. Bd3 Ne5 16. Nxe5 dxe5 17. Qe2 h6 18. f3 Bc5 19. Nb1 Nh5 20. Qf2 Bxe3 21. Qxe3 Nf4 22. Nc3 Qe7 23. Ne2 Nxe2+ 24. Bxe2 Rxc2 25. b4 Rd4 26. Rc1 Rxc1 27. Rxc1 Qd6 28. Qc3 Rd2 29. Bf1 Qb6+ 30. Kh1 Qd6 31. Qc7 Rd1 32. Qxd6 Rxd6 33. Rc7 Bc6 34. Rc8+ Kh7 35. Kg1 g5 36. Kf2 Kg6 37. Ke3 Bd7 38. Rc7 Rd4 39. Bd3 f5 40. exf5+ exf5 41. g4 Rd6 42. Rxd7 1-0

[Event "45th FIDE Chess Olympiad Open"]
[Site "Budapest, Hungary"]
[Date "2024.09.12"]
[Round "2"]
[White "Gabriel, Davidson"]
[Black "Enemchukwu Chinedu Benjamin"]
[Result "1-0"]
[WhiteElo "2043"]
[BlackElo "2001"]
[PlyCount "81"]
[EventDate "2024.??.??"]
[WhiteTeam "Haiti"]
[BlackTeam "Saint Vincent and the Grenadines"]
[WhiteTeamCountry "HAI"]
[WhiteClock "0:51:08"]
[BlackClock "0:12:05"]

1. c4 e5 2. Nc3 Nf6 3. g3 d5 4. cxd5 Nxd5 5. Bg2 Be6 6. Qb3 Nb6 7. Qb5+ c6 8. Qxe5 N8d7 9. Qe4 Nf6 10. Qc2 Qd7 $146 ({RR} 10... Bc5 11. Nf3 Qd7 12. d3 O-O 13. O-O Nh5 14. Ne4 Bd6 15. Nxd6 Qxd6 16. d4 f6 17. e4 Rad8 18. b3 f5 19. e5 Qd7 20. Ba3 Rfe8 21. Rad1 g6 22. Qd2 Nd5 23. Ng5 Ng7 24. Rfe1 Kh8 25. Nh3 {1-0 Leroy,C-Gesquierre,S EU-ch U20 Girls 1984}) ({RR} 10... Be7 11. Nf3 Qd7 12. d3 Bh3 13. O-O Bxg2 14. Kxg2 h6 15. Na4 Nbd5 16. Nc5 Qc7 17. a3 g5 18. b4 Ng4 19. e4 Nb6 20. Bb2 Rg8 21. h3 Nf6 22. Nd4 h5 23. Nf5 Bd8 24. Nxb7 Rg6 25. Rac1 {1-0 Buturin,V (2274)-Khabichev,V Lvov Euro op 1st 2012 (3)}) 11. d3 Bd6 12. Bg5 Nfd5 13. a3 h6 14. Bd2 O-O 15. Nf3 Bh3 16. O-O Bxg2 17. Kxg2 f5 18. Nxd5 Nxd5 19. e4 fxe4 20. dxe4 Nb6 21. Nh4 Qe6 22. Bc3 Rae8 23. Rae1 Be7 24. Nf5 Bf6 25. Bb4 c5 26. Qxc5 Rc8 27. Qb5 Rfd8 28. Qe2 Nc4 29. Qg4 Kf7 30. Bc3 Ne5 31. Bxe5 Bxe5 32. Re2 Rc4 33. f4 Bf6 34. e5 Re8 35. Nd6+ Kf8 36. Qxe6 Rxe6 37. Nxc4 Be7 38. Rd1 Rc6 39. Nd6 b6 40. Rdd2 g6 41. Rc2 1-0

[Event "45th FIDE Chess Olympiad Open"]
[Site "Budapest, Hungary"]
[Date "2024.09.12"]
[Round "2"]
[White "Cottle, Brian S"]
[Black "Etienne, Angelo"]
[Result "0-1"]
[WhiteElo "1804"]
[BlackElo "2122"]
[PlyCount "92"]
[EventDate "2024.??.??"]
[WhiteTeam "Saint Vincent and the Grenadines"]
[BlackTeam "Haiti"]
[BlackTeamCountry "HAI"]
[WhiteClock "0:19:05"]
[BlackClock "0:55:55"]

1. c4 Nf6 2. Nc3 c5 3. g3 g6 4. Bg2 Bg7 5. e3 e5 6. Nge2 O-O 7. O-O d6 8. b3 Nc6 9. Bb2 ({RR} 9. d4 cxd4 10. exd4 exd4 11. Nxd4 Nxd4 12. Qxd4 Ne4 13. Qxe4 Bxc3 14. Rb1 Bf5 15. Qe3 Qf6 16. Ba3 Bd4 17. Qf4 Be5 18. Qf3 Bxb1 19. Qxf6 Bxf6 20. Rxb1 Rfd8 21. Bxb7 Rab8 22. Bd5 Rb6 23. Bb2 Bxb2 {½-½ Mukhi Talreja,I (1467)-Rodriguez Falcon,J (1888) Tenerife-chT Preferente 2021 (11.4)}) 9... Bg4 $146 ({RR} 9... Bf5 10. d4 exd4 11. exd4 cxd4 12. Nb5 d3 13. Ned4 Nxd4 14. Nxd4 Qd7 15. Nxf5 Qxf5 16. Qf3 Qxf3 17. Bxf3 d5 18. cxd5 Rac8 19. Rad1 Rc2 20. Bxf6 Bxf6 21. Rxd3 Rxa2 22. d6 b5 23. Rc1 a5 24. Rc7 {1-0 Vayntrub,D (2075)-D'Aloisio,T (2215) San Francisco Capps Memorial 2005 (5)}) 10. h3 Be6 11. d4 exd4 12. exd4 d5 13. cxd5 Nxd5 14. dxc5 Nxc3 15. Bxc3 Bxc3 16. Nxc3 Qc8 17. Kh2 Rd8 18. Qf3 Nd4 19. Qxb7 Qxc5 20. Na4 Qa5 21. Qe7 Rac8 22. Bb7 Qf5 23. Bg2 Nf3+ 24. Kh1 Nd2 25. Rad1 Rd7 26. Qb4 Nxf1 27. Rxf1 Bd5 28. Bxd5 Qxh3+ 29. Kg1 Rxd5 30. Qb7 Rh5 31. Qg2 Qxg2+ 32. Kxg2 Rc2 33. a3 Ra2 34. Nc3 Rxa3 35. Ne4 Kg7 36. g4 Re5 37. f3 Rxb3 38. g5 Rxe4 39. fxe4 Rb5 40. Ra1 Rxg5+ 41. Kf3 a5 42. Kf4 Rb5 43. Ra4 f5 44. exf5 Rb4+ 45. Rxb4 axb4 46. fxg6 Kxg6 0-1

[Event "45th FIDE Chess Olympiad Open"]
[Site "Budapest, Hungary"]
[Date "2024.09.12"]
[Round "2"]
[White "Victor, Wyclef"]
[Black "Schneider, James U"]
[Result "1-0"]
[WhiteElo "1924"]
[BlackElo "1486"]
[PlyCount "95"]
[EventDate "2024.??.??"]
[WhiteTeam "Haiti"]
[BlackTeam "Saint Vincent and the Grenadines"]
[WhiteTeamCountry "HAI"]
[WhiteClock "0:38:49"]
[BlackClock "0:13:37"]

1. c4 e5 2. Nc3 Nf6 3. g3 c6 4. Bg2 Bb4 5. Nf3 Bxc3 6. bxc3 d6 ({RR} 6... Qe7 7. O-O O-O 8. d3 d5 9. a4 Rd8 10. cxd5 cxd5 11. Qb3 Nc6 12. Ba3 Qc7 13. Nd2 Be6 14. Rac1 Rac8 15. Qb1 Qa5 16. Qxb7 Qxa4 17. Qb3 Qa5 18. Bb4 Nxb4 19. Qxb4 Qa2 20. Rfd1 Rb8 21. Qh4 {½-½ Hurtik,M (1896)-Kopcova,L (1899) CZE-chT U18 Extraliga final-B 1819 2018 (8.3)}) 7. O-O O-O 8. d4 e4 $146 ({RR} 8... exd4 9. cxd4 Be6 10. Qd3 h6 11. a4 Re8 12. Re1 Nbd7 13. Rb1 Qc7 14. Bf4 b6 15. Nd2 Rac8 16. Qa3 c5 17. dxc5 Nxc5 18. Rbc1 Qd7 19. a5 d5 20. axb6 axb6 21. Qb4 Qd8 22. Be5 Ncd7 23. Bd6 {½-½ Kirschner,A-Wald,E Baden-ch U16 2001 (2.8)}) 9. Nd2 d5 10. cxd5 cxd5 11. c4 Nc6 12. e3 Bf5 13. Qa4 Re8 14. Rb1 Qd7 15. Re1 Rab8 16. Ba3 Nxd4 17. Qxd7 Nxd7 18. exd4 e3 19. fxe3 Bxb1 20. Nxb1 dxc4 21. Bd6 b5 22. Bxb8 Rxb8 23. Na3 a6 24. Rb1 c3 25. Bc6 Nf6 26. h3 Kf8 27. Kf2 Ke7 28. Ke2 Kd6 29. Bxb5 axb5 30. Nxb5+ Kc6 31. Nxc3 Ra8 32. Kd3 Nd7 33. e4 f6 34. Rb4 Ra3 35. Rc4+ Kd6 36. Ra4 Rxa4 37. Nxa4 Kc6 38. Kc4 Nb8 39. Nc5 g6 40. g4 Kd6 41. a4 Kc7 42. Kd5 Nc6 43. Ne6+ Kb6 44. Nf8 h5 45. gxh5 gxh5 46. Nd7+ Kc7 47. Nxf6 Nb4+ 48. Kc4 1-0

[Event "45th FIDE Chess Olympiad Open"]
[Site "Budapest, Hungary"]
[Date "2024.09.12"]
[Round "2"]
[White "Koumba, Mounguen Jose Evrar"]
[Black "Liyanage, Ranindu Dilshan"]
[Result "0-1"]
[WhiteElo "1957"]
[BlackElo "2366"]
[PlyCount "56"]
[EventDate "2024.??.??"]
[WhiteTeam "Gabon"]
[BlackTeam "Sri Lanka"]
[WhiteTeamCountry "GAB"]
[BlackTeamCountry "SRI"]
[WhiteClock "0:41:41"]
[BlackClock "1:24:16"]

1. e4 e5 2. Nf3 Nc6 3. Bc4 Nf6 4. d3 h6 5. Nc3 d6 6. h3 Na5 7. Bb5+ c6 8. Ba4 b5 9. Bb3 Be7 10. Be3 Qc7 $146 ({RR} 10... Bb7 11. O-O O-O 12. Re1 Re8 13. Qe2 Bf8 14. Rad1 a6 15. Bc1 c5 16. Qf1 g6 17. Nd2 Bg7 18. a3 Nxb3 19. Nxb3 Rc8 20. f4 d5 21. fxe5 Rxe5 22. Bf4 Re7 23. Bh2 dxe4 24. dxe4 Rd7 25. Rxd7 {1-0 Momyn,M (1317)-Caceres Benitez,F (1772) World Youth U16 Olympiad 2023 (6.21)}) 11. Qd2 Bd7 12. Ne2 d5 13. exd5 Nxb3 14. axb3 Nxd5 15. Ng3 f5 16. Bxa7 Rxa7 17. Rxa7 Qxa7 18. O-O Bd6 19. Re1 O-O 20. Nxe5 Bxe5 21. Rxe5 Qa1+ 22. Kh2 Qxb2 23. Qe2 Nf4 24. Qe1 Ng6 25. Rc5 Qd4 26. b4 Re8 27. Qd2 f4 28. Ne2 Qxf2 0-1

[Event "45th FIDE Chess Olympiad Open"]
[Site "Budapest, Hungary"]
[Date "2024.09.12"]
[Round "2"]
[White "Amarathunga, Kosala Sandeepa Cha"]
[Black "Bongo Akanga Ndjila, Barthelemy"]
[Result "1-0"]
[WhiteElo "1956"]
[BlackElo "1894"]
[PlyCount "77"]
[EventDate "2024.??.??"]
[WhiteTeam "Sri Lanka"]
[BlackTeam "Gabon"]
[WhiteTeamCountry "SRI"]
[BlackTeamCountry "GAB"]
[WhiteClock "0:42:04"]
[BlackClock "0:02:18"]

1. b3 d5 2. Bb2 Nf6 3. e3 Bf5 4. Nf3 e6 5. d3 Bb4+ ({RR} 5... Bd6 6. Nbd2 O-O 7. Be2 Nbd7 8. a3 e5 9. h3 Re8 10. g4 Bg6 11. Nh4 Nc5 12. g5 Nfd7 13. Nxg6 fxg6 14. h4 Qe7 15. Bg4 a5 16. Qe2 b5 17. Qf1 d4 18. Qh3 e4 19. Bxd7 dxe3 20. fxe3 {1-0 Bischoff,K (2559)-Kobalia,M (2618) EU-ch Internet final blitz 2004 (1.4)}) ({RR} 5... Be7 6. g3 h6 7. Bg2 Nbd7 8. O-O O-O 9. Qe2 a5 10. a4 c6 11. Nbd2 Bh7 12. Kh1 b5 13. Nd4 Qb6 14. f4 bxa4 15. Rxa4 c5 16. N4f3 c4 17. dxc4 Bxc2 18. Nd4 Bh7 19. cxd5 exd5 20. f5 {½-½ Sundararajan,K (2414)-Varun,V (2250) Mumbai Wealth op 5th 2019 (9)}) 6. Nbd2 O-O $146 ({RR} 6... Nbd7 7. Be2 c6 8. O-O Qc7 9. h3 g5 10. Nxg5 Rg8 11. h4 h6 12. e4 hxg5 13. exf5 gxh4 14. fxe6 fxe6 15. Bh5+ Ke7 16. g3 Bxd2 17. Qxd2 Nxh5 18. Rfe1 hxg3 19. Qh6 gxf2+ 20. Kxf2 Qh2+ 21. Kf3 {0-1 Bo,M-Nissen,U (1134) Follo op 2014 (4)}) ({RR} 6... h6 7. Be2 O-O 8. O-O Nbd7 9. Ne5 Nxe5 10. Bxe5 Bd6 11. Bg3 c6 12. f4 Bc5 13. d4 Be7 14. c4 c5 15. a3 cxd4 16. exd4 dxc4 17. Nxc4 Ne4 18. Be1 Qd5 19. Bf3 Rfd8 20. Bf2 Nxf2 21. Bxd5 {0-1 Karacsonyi,L (1703)-Kresz,T (1738) HUN-chT2 Asztalos 1819 2018 (3.10)}) 7. a3 Be7 8. Be2 h6 9. h3 c5 10. O-O Nc6 11. d4 cxd4 12. Nxd4 Nxd4 13. Bxd4 Qc7 14. c4 e5 15. Bb2 Rad8 16. Qe1 Rfe8 17. cxd5 Rxd5 18. e4 Rxd2 19. Qxd2 Bxe4 20. Rac1 Qb8 21. Rfd1 Bc6 22. b4 Ne4 23. Qd3 Rd8 24. Qb3 Rd6 25. b5 Bd7 26. Rxd6 Qxd6 27. Qe3 f5 28. Rd1 Qc7 29. Qb3+ Kf8 30. Bh5 Ng5 31. Qd5 Qc2 32. Qxd7 g6 33. Bxg6 Qxb2 34. Qe8+ Kg7 35. Qxe7+ Kxg6 36. Rd6+ Kh5 37. Qe8+ Nf7 38. Qxf7+ Kg5 39. Qg6+ 1-0

[Event "45th FIDE Chess Olympiad Open"]
[Site "Budapest, Hungary"]
[Date "2024.09.12"]
[Round "2"]
[White "Heim, Colin Peter"]
[Black "Lynch, Kemp"]
[Result "0-1"]
[WhiteElo "1751"]
[BlackElo "1944"]
[PlyCount "134"]
[EventDate "2024.??.??"]
[WhiteTeam "US Virgin Islands"]
[BlackTeam "Barbados"]
[BlackTeamCountry "BAR"]
[WhiteClock "0:02:12"]
[BlackClock "0:17:01"]

1. e4 c5 2. Nf3 e6 3. Bc4 Nc6 4. d3 Nf6 5. Nc3 d6 6. d4 cxd4 7. Nxd4 Be7 ({RR} 7... a6 8. Bb3 Qc7 9. O-O b5 10. a3 Be7 11. Re1 O-O 12. Qd3 Bd7 13. f4 Nxd4 14. Qxd4 d5 15. exd5 Bc5 16. Be3 Bxd4 17. Bxd4 Nxd5 18. Be5 Qb6+ 19. Kh1 Nxc3 20. bxc3 Bc6 21. Bd4 Qb7 22. Rg1 {0-1 Inceoglu,C-Tomasevic,M (1691) EU-ch Amateur 1700 2018 (3)}) 8. Bb5 Bd7 9. O-O $146 ({RR} 9. Bc4 O-O 10. Nxc6 Bxc6 11. Qd3 Qc7 12. Bf4 Qb6 13. Rb1 Rad8 14. O-O d5 15. exd5 Nxd5 16. Nxd5 Bxd5 17. h3 Bxc4 18. Qxc4 Rc8 19. Qd3 Qa5 20. a4 Rfd8 21. Qe4 b6 22. c4 Bf8 23. Bg5 Qxg5 {0-1 Stegen,R-Knoell,S Schleswig Holstein-ch U15 VR1 1998 (2)}) ({RR} 9. Bxc6 Bxc6 10. Nxc6 bxc6 11. O-O O-O 12. f4 d5 13. e5 Nd7 14. Qe2 Qb6+ 15. Kh1 a5 16. Na4 Qb5 17. Qxb5 cxb5 18. Nc3 b4 19. Nb5 Rfc8 20. c3 Rab8 21. Nd4 bxc3 22. bxc3 Rxc3 23. Ne2 Rd3 {0-1 Podkopaev,T-Smorchkov,D (1841) Satka-ch Rating 2013 (1)}) 9... O-O 10. Re1 Rc8 11. Nf3 Qc7 12. a4 Rfd8 13. Qe2 a6 14. Bd3 Nb4 15. h3 Bc6 16. Be3 Nxd3 17. cxd3 d5 18. exd5 Nxd5 19. Nxd5 Rxd5 20. Nd4 Qd7 21. Nxc6 Rxc6 22. d4 Bf6 23. b4 Bxd4 24. Bxd4 Rxd4 25. b5 Rcd6 26. Qc2 Rd2 27. Qc5 b6 28. Qc4 R2d4 29. Qc3 a5 30. Rec1 h6 31. Qc8+ Qxc8 32. Rxc8+ Kh7 33. Kf1 Rb4 34. Ra2 Kg6 35. Ke2 Re4+ 36. Kf3 Rb4 37. Rc3 h5 38. Raa3 Kf6 39. Rcb3 Rdd4 40. Rxb4 axb4 41. Rb3 Ke5 42. Ke3 Kd5 43. a5 e5 44. a6 Kc4 45. Rb1 Kxb5 46. a7 Rd8 47. Rd1 Ra8 48. Rd7 b3 49. Kd2 Kb4 50. Rb7 b5 51. Kc1 Ka3 52. Rxb5 Rxa7 53. Rxe5 g6 54. Re2 Rc7+ 55. Kb1 Rd7 56. Kc1 Rd5 57. Re3 Rc5+ 58. Kd1 Ka2 59. Re7 b2 60. Ra7+ Kb3 61. Rb7+ Kc3 62. f3 Rc4 63. g3 Rb4 64. Rc7+ Kd3 65. Rd7+ Ke3 66. Re7+ Kxf3 67. Rxf7+ Kxg3 0-1

[Event "45th FIDE Chess Olympiad Open"]
[Site "Budapest, Hungary"]
[Date "2024.09.12"]
[Round "2"]
[White "Hair, Justin M"]
[Black "Depradine, Lawrence"]
[Result "0-1"]
[WhiteElo "1725"]
[BlackElo "1782"]
[PlyCount "146"]
[EventDate "2024.??.??"]
[WhiteTeam "US Virgin Islands"]
[BlackTeam "Barbados"]
[BlackTeamCountry "BAR"]
[WhiteClock "0:14:03"]
[BlackClock "0:26:31"]

1. Nf3 Nf6 2. g3 b6 3. Bg2 Bb7 4. d3 e6 5. e4 d6 6. O-O Be7 7. Be3 ({RR} 7. Ne1 e5 8. f4 Nbd7 9. c4 c6 10. Nc3 O-O 11. Nc2 b5 12. Be3 bxc4 13. dxc4 Re8 14. Kh1 Bf8 15. f5 Nb6 16. c5 dxc5 17. Qf3 Nfd7 18. Rad1 f6 19. g4 Qe7 20. Rg1 c4 21. Bf1 Qf7 {1-0 Delgado Ramirez,N (2562)-Hernandez Carmenates,H (2543) CUB-ch op Santa Clara 2007 (5)}) ({RR} 7. Re1 Nbd7 8. Nbd2 O-O 9. h3 Ne8 10. Nf1 c5 11. N3h2 Nc7 12. h4 f5 13. c3 Qe8 14. f4 Qg6 15. exf5 Rxf5 16. Bxb7 Rb8 17. Be4 Bxh4 18. Qg4 Qxg4 19. Nxg4 Bf6 20. Bxf5 exf5 21. Nxf6+ Nxf6 {1-0 Haddouche,M (2524)-Khalef,E (2048) ALG-ch Algiers 2015 (7)}) 7... O-O 8. h3 c5 9. Nbd2 $146 ({RR} 9. Re1 Nbd7 10. a4 a6 11. Nbd2 b5 12. Nh2 Qc7 13. f4 Bc6 14. g4 bxa4 15. g5 Ne8 16. h4 f5 17. Bh3 Bb5 18. Nc4 d5 19. exd5 exd5 20. Bd2 Bd6 21. Ba5 Qb7 22. Rxe8 dxc4 23. Rxf8+ Rxf8 {0-1 Pollard,M-Westerkamp,B (2081) Guernsey op 32nd 2006 (1)}) ({RR} 9. Nh2 Qc7 10. f4 Nbd7 11. g4 c4 12. g5 Ne8 13. Nc3 cxd3 14. cxd3 a6 15. Rc1 Qd8 16. h4 Rb8 17. h5 f5 18. Qb3 Nc7 19. Nf3 fxe4 20. dxe4 b5 21. Rfd1 Qe8 22. Ne2 Nc5 23. Bxc5 dxc5 {1-0 Zaleski,L (1791)-Kozakow,A (1619) POL Olympiad U14 2013 (1.12)}) 9... d5 10. e5 Nfd7 11. c3 Ba6 12. Ne1 Nxe5 13. Qc2 Nbc6 14. f4 Nd7 15. Qa4 Bb7 16. c4 Nd4 17. Bxd4 cxd4 18. cxd5 Bxd5 19. Bxd5 exd5 20. Nef3 Nc5 21. Qxd4 Qd7 22. Kg2 Qf5 23. Ne5 Bf6 24. Rf3 Ne6 25. Qxd5 Rad8 26. Qe4 Qxe4 27. Nxe4 Bxe5 28. fxe5 Nd4 29. Rf2 Nc6 30. Raf1 Nxe5 31. Ng5 h6 32. d4 hxg5 33. dxe5 Rd5 34. e6 f6 35. Rc1 Rd6 36. Re2 Re8 37. Rce1 g6 38. Kf3 f5 39. Re5 Kg7 40. g4 Kf6 41. gxf5 gxf5 42. R5e2 Rdxe6 43. Rxe6+ Rxe6 44. Rd1 a6 45. Rd8 Rc6 46. Rf8+ Kg6 47. Rg8+ Kh6 48. Rh8+ Kg7 49. Ra8 a5 50. Rd8 Rc2 51. Rd7+ Kf8 52. Rd5 g4+ 53. hxg4 fxg4+ 54. Kxg4 Rxb2 55. Rd6 Ke7 56. Rd3 Rxa2 57. Rb3 Ra4+ 58. Kf3 Rb4 59. Ra3 Kd6 60. Ke3 Kc5 61. Kd3 Rh4 62. Kc2 Rh2+ 63. Kb1 Kb4 64. Rg3 b5 65. Rg4+ Ka3 66. Rg3+ Ka4 67. Rg4+ b4 68. Kc1 Ka3 69. Kb1 a4 70. Rg3+ b3 71. Rc3 Rh1+ 72. Rc1 Rxc1+ 73. Kxc1 Ka2 0-1

[Event "45th FIDE Chess Olympiad Open"]
[Site "Budapest, Hungary"]
[Date "2024.09.12"]
[Round "2"]
[White "Christopher, Art"]
[Black "Alrehaili, Ahmed Abdullah S"]
[Result "0-1"]
[WhiteElo "1779"]
[BlackElo "2117"]
[PlyCount "62"]
[EventDate "2024.??.??"]
[WhiteTeam "British Virgin Islands"]
[BlackTeam "Saudi Arabia"]
[WhiteTeamCountry "IVB"]
[BlackTeamCountry "SAU"]
[WhiteClock "0:02:48"]
[BlackClock "0:07:29"]

1. e4 e5 2. Nf3 Nc6 3. Bc4 Nf6 4. O-O Bc5 5. d3 O-O 6. c3 d6 7. Bg5 Be6 8. b4 ({RR} 8. Nbd2 h6 9. Bh4 Qe7 10. b4 Bb6 11. Bb3 Bxb3 12. axb3 g5 13. Bg3 Qe6 14. Nc4 Ne7 15. Re1 Ng6 16. d4 Rfd8 17. Qc2 Nh5 18. Rad1 c6 19. Ne3 Nhf4 20. Nf5 Ne7 21. Bxf4 exf4 22. g4 fxg3 {½-½ Duda,J (2658)-Tari,A (2532) EU-chT (Men) 20th 2015 (9.2)}) ({RR} 8. Nbd2 h6 9. Bh4 Qe7 10. a4 a5 11. Bb3 Rfd8 12. Nc4 Bg4 13. Ne3 Be6 14. Nd5 Bxd5 15. Bxd5 Rd7 16. Qb3 Nd8 17. Rad1 c6 18. Bc4 Ne6 19. d4 exd4 20. cxd4 Bb4 21. e5 dxe5 22. dxe5 Nc5 {1-0 Klimes,K (1681)-Valent,T (1373) SVK-chT5 SE-SI 1920 2019 (7.1)}) 8... Bb6 9. Qb3 Re8 $146 ({RR} 9... Bxc4 10. Qxc4 h6 11. Bh4 Qe7 12. Nbd2 Nd8 13. d4 g5 14. dxe5 Nh5 15. exd6 cxd6 16. Bg3 Ne6 17. Qb3 Nef4 18. Bxf4 Nxf4 19. Rae1 g4 20. Nd4 Qg5 21. Re3 Rae8 22. Qd1 Kh8 23. Nc4 d5 24. Nxb6 {1-0 Belic,J (2280)-Skibbe,D (2035) BL 9293 (Women) 1992 (10.3)}) 10. a4 a6 11. Na3 h6 12. Bh4 g5 13. Nxg5 hxg5 14. Bxg5 Kg7 15. Rad1 Qe7 16. Qb2 Rh8 17. d4 Rxh2 18. Bxe6 fxe6 19. Rd3 Rah8 20. Rh3 R2xh3 21. gxh3 Kf8 22. f4 exd4 23. Qg2 dxc3+ 24. Kh2 Qg7 25. e5 Nd5 26. f5 Qxe5+ 27. Qg3 Qe2+ 28. Qg2 Qxg2+ 29. Kxg2 Rg8 30. fxe6+ Ke8 31. h4 Ne3+ 0-1

[Event "45th FIDE Chess Olympiad Open"]
[Site "Budapest, Hungary"]
[Date "2024.09.12"]
[Round "2"]
[White "Al Thebaiti, Ahmed M"]
[Black "Samuel, Jhon"]
[Result "1-0"]
[WhiteElo "1993"]
[BlackElo "1545"]
[PlyCount "69"]
[EventDate "2024.??.??"]
[WhiteTeam "Saudi Arabia"]
[BlackTeam "British Virgin Islands"]
[WhiteTeamCountry "SAU"]
[BlackTeamCountry "IVB"]
[WhiteClock "0:27:01"]
[BlackClock "0:05:28"]

1. e4 c6 2. d4 d5 3. Nc3 dxe4 4. Nxe4 Bf5 5. Ng3 Bg6 6. h4 h6 7. h5 Bh7 8. Nf3 Nd7 9. Bd3 Ngf6 10. Bxh7 Nxh7 11. Qd3 e6 12. Bd2 Be7 13. O-O-O O-O 14. Ne4 Nhf6 15. Nxf6+ Bxf6 ({RR} 15... Nxf6 16. Ne5 c5 17. dxc5 {½-½ Movsesian,S (2666)-Bareev,E (2702) FIDE World Cup-C 2000 (2)}) ({RR} 15... Nxf6 16. Ne5 c5 17. Bc3 Nd5 18. g3 Bf6 19. dxc5 Qc7 20. f4 Rfd8 21. Qf3 Qxc5 22. Bd4 Qa5 23. Kb1 Rac8 24. c3 b5 25. g4 b4 26. cxb4 Nxb4 27. a3 Nd5 28. g5 Bxe5 29. Bxe5 hxg5 30. fxg5 {0-1 Coelho,R (1981)-Kononenko,D (2328) Titled Tuesday intern op 04th May blitz 2021 (5)}) 16. g4 Bg5 $146 ({RR} 16... c5 17. g5 hxg5 18. Rdg1 Bxd4 19. Nxg5 f5 20. Nxe6 Qb6 21. Nxd4 cxd4 22. Qg3 Rf7 23. h6 Qf6 24. hxg7 Rxg7 25. Qh2 Nf8 26. Rxg7+ Kxg7 27. Qc7+ Qf7 28. Qe5+ Qf6 29. Rg1+ Ng6 30. Bh6+ Kf7 31. Qd5+ {1-0 Feher,A (2191)-Tatar Kis,S (2395) Harkany Tenkes Cup 33rd 2009 (2)}) ({RR} 16... c5 17. Rdg1 c4 18. Qxc4 Rc8 19. Qd3 Ne5 20. Nxe5 Bxe5 21. Be3 Qd5 22. Kb1 Bf6 23. f4 Rfd8 24. c3 b5 25. g5 hxg5 26. fxg5 Be5 27. Qc2 Qf3 28. Qf2 Qe4+ 29. Ka1 b4 30. dxe5 bxc3 31. b3 {1-0 Kanmazalp,O (2452)-Sari,Y (2304) TUR-ch Suleymanpasa 2017 (5)}) ({RR} 16... c5 17. Rdg1 cxd4 18. g5 hxg5 19. Nxg5 Bxg5 20. Bxg5 f6 21. h6 fxg5 22. hxg7 Kxg7 23. Qh7+ Kf6 24. Re1 Rf7 25. Rh6+ {1-0 Schaedlich,D (1541)-Roggon,J (1856) Schleswig Holstein-ch U18 MT 2003 (3)}) 17. Bxg5 hxg5 18. Qe3 Qf6 19. Nxg5 e5 20. Ne4 Qf4 21. Qxf4 exf4 22. Rde1 b6 23. c3 c5 24. dxc5 Nxc5 25. Nxc5 bxc5 26. Re4 Rfe8 27. Rhe1 Kf8 28. Rxe8+ Rxe8 29. Rxe8+ Kxe8 30. b4 c4 31. a4 Kd7 32. g5 f6 33. gxf6 gxf6 34. h6 Ke7 35. h7 1-0

[Event "45th FIDE Chess Olympiad Open"]
[Site "Budapest, Hungary"]
[Date "2024.09.12"]
[Round "2"]
[White "Carbonell, Nicolas"]
[Black "Oluka Robert Mcligeyo"]
[Result "0-1"]
[WhiteElo "1798"]
[BlackElo "1990"]
[PlyCount "78"]
[EventDate "2024.??.??"]
[WhiteTeam "Burkina Faso"]
[BlackTeam "Kenya"]
[WhiteTeamCountry "BUR"]
[BlackTeamCountry "KEN"]
[WhiteClock "0:38:28"]
[BlackClock "0:25:48"]

1. d4 Nf6 2. c4 e6 3. Nc3 Bb4 4. Bg5 c5 5. d5 Bxc3+ 6. bxc3 h6 7. Bh4 d6 8. Nf3 ({RR} 8. Qc2 exd5 9. cxd5 g5 10. Bg3 Nxd5 11. e4 Nf4 12. Rd1 Nc6 13. h4 Rg8 14. Ne2 Qf6 15. Qd2 Bg4 16. hxg5 hxg5 17. f3 Nxe2 18. Bxe2 Be6 19. Bb5 O-O-O 20. Bxc6 bxc6 21. Qb2 Qe7 22. Kf2 Qc7 {0-1 Ezat,M (2402)-Kayonde,A (2361) ch-Africa 2023 (8.6)}) 8... e5 9. Bxf6 $146 ({RR} 9. h3 g5 10. Bg3 Qa5 11. Qb3 Ne4 12. Rc1 Nd7 13. Bh2 a6 14. e3 f5 15. Bd3 Ndf6 16. Ng1 g4 17. hxg4 Nxg4 18. Bxe4 fxe4 19. Ne2 Qd8 20. Bg3 Qf6 21. Qb6 O-O 22. Kd2 Qg6 23. Rcf1 Bf5 {0-1 Nainapalert,T (2185)-Perchman,D (2315) Olympiad-31 Moscow 1994 (9.4)}) ({RR} 9. Qc2 Nbd7 10. Nd2 Nf8 11. f3 Qe7 12. e3 Ng6 13. Bg3 e4 14. Nxe4 Nxe4 15. Qxe4 Qxe4 16. fxe4 Ke7 17. Bd3 h5 18. h4 Ne5 19. Be2 f6 20. Bxe5 fxe5 21. Kd2 Bd7 22. Raf1 Raf8 23. Rf3 g6 {½-½ Ivanchuk,V (2704)-Wang,Y (2720) Beijing Sportaccord Basque 2014 (3)}) ({RR} 9. Qc2 Nbd7 10. Nd2 Nf8 11. e3 Ng6 12. Bg3 Ne7 13. Bd3 Nh5 14. f4 exf4 15. Bxf4 Nxf4 16. exf4 g6 17. O-O O-O 18. Rae1 Bf5 {½-½ Gottschalk,J (1975)-Ballo,E (2195) GER-ch U20 qual 1997}) ({RR} 9. Nd2 Nbd7 10. e4 Nf8 11. f3 g5 12. Bf2 Ng6 13. Be3 Qe7 14. Rb1 Kf8 15. g3 Kg7 16. Bd3 Nh5 17. Bf2 Nf6 18. Nf1 b6 19. Ne3 Qe8 20. Rg1 Kf8 21. Qe2 Rg8 22. Rh1 Bd7 23. Bc2 Qc8 {½-½ Turova,I (2381)-Socko,M (2434) EU-Cup (Women) 13th 2008 (3)}) 9... Qxf6 10. Qd3 O-O 11. e4 Qg6 12. Rb1 f5 13. Nh4 Qg4 14. Nxf5 Rxf5 15. f3 Qh4+ 16. g3 Qg5 17. exf5 Bxf5 18. Qd1 Qe3+ 19. Be2 Qxc3+ 20. Kf1 Bh3+ 21. Kf2 e4 22. fxe4 Nd7 23. Qd3 Rf8+ 24. Ke3 Qf6 25. Kd2 b6 26. Qe3 Qe7 27. Bf1 Ne5 28. Be2 Rf3 29. Qxf3 Nxf3+ 30. Bxf3 Qe5 31. Rb3 Qd4+ 32. Rd3 Qf2+ 33. Be2 Bg2 34. Re1 Bxe4 35. Re3 Bg2 36. Rd3 Bh3 37. Kd1 Qf6 38. Kd2 Bf5 39. Rf3 Qb2+ 0-1